<?xml version="1.0" encoding="UTF-8"?>
<record
    xmlns:xsi="http://www.w3.org/2001/XMLSchema-instance"
    xsi:schemaLocation="http://www.loc.gov/MARC21/slim http://www.loc.gov/standards/marcxml/schema/MARC21slim.xsd"
    xmlns="http://www.loc.gov/MARC21/slim">

  <leader>01234nam a22003017a 4500</leader>
  <controlfield tag="003">0</controlfield>
  <controlfield tag="005">20180714183905.0</controlfield>
  <controlfield tag="008">0</controlfield>
  <datafield tag="010" ind1=" " ind2=" ">
    <subfield code="a">B-043066, </subfield>
  </datafield>
  <datafield tag="020" ind1=" " ind2=" ">
    <subfield code="c">125.00</subfield>
  </datafield>
  <datafield tag="035" ind1=" " ind2=" ">
    <subfield code="a">B-043066, B-043068</subfield>
  </datafield>
  <datafield tag="037" ind1=" " ind2=" ">
    <subfield code="b">Cen Lib/Ret</subfield>
  </datafield>
  <datafield tag="040" ind1=" " ind2=" ">
    <subfield code="a">DPL</subfield>
    <subfield code="b">HN</subfield>
    <subfield code="c">0</subfield>
  </datafield>
  <datafield tag="082" ind1=" " ind2=" ">
    <subfield code="a">&#x915; </subfield>
    <subfield code="b">&#x917;&#x941;&#x92A;&#x94D;&#x924;&#x93E;&#x932; </subfield>
  </datafield>
  <datafield tag="100" ind1=" " ind2=" ">
    <subfield code="a">&#x917;&#x941;&#x92A;&#x94D;&#x924;&#x93E;, &#x932;&#x915;&#x94D;&#x937;&#x94D;&#x92E;&#x940; &#x928;&#x93F;&#x935;&#x93E;&#x938; </subfield>
    <subfield code="9">45117</subfield>
  </datafield>
  <datafield tag="245" ind1=" " ind2=" ">
    <subfield code="a">&#x92E;&#x927;&#x941;&#x930;-&#x92E;&#x93F;&#x932;&#x928; /</subfield>
    <subfield code="c">&#x932;&#x915;&#x94D;&#x937;&#x94D;&#x92E;&#x940; &#x928;&#x93F;&#x935;&#x93E;&#x938;  &#x917;&#x941;&#x92A;&#x94D;&#x924;&#x93E; ; &#x938;&#x902;&#x92A;&#x93E;&#x926;&#x915; &#x939;&#x930;&#x93F; &#x92E;&#x939;&#x930;&#x94D;&#x937;&#x93F; </subfield>
  </datafield>
  <datafield tag="246" ind1=" " ind2=" ">
    <subfield code="a">Madhur-milan /</subfield>
    <subfield code="b">by Lakshmi Nivas Gupta ; sampadak Hari Maharshi</subfield>
  </datafield>
  <datafield tag="260" ind1=" " ind2=" ">
    <subfield code="a">&#x91C;&#x92F;&#x92A;&#x941;&#x930; </subfield>
    <subfield code="b">&#x938;&#x93E;&#x939;&#x93F;&#x924;&#x94D;&#x92F;&#x93E;&#x917;&#x93E;&#x930; </subfield>
    <subfield code="c">2001</subfield>
  </datafield>
  <datafield tag="270" ind1=" " ind2=" ">
    <subfield code="b">&#x91C;&#x92F;&#x92A;&#x941;&#x930; </subfield>
    <subfield code="a">&#x90F;&#x938;.&#x90F;&#x92E;.&#x90F;&#x938; &#x939;&#x93E;&#x908;&#x935;&#x947; </subfield>
  </datafield>
  <datafield tag="300" ind1=" " ind2=" ">
    <subfield code="a">121p.</subfield>
    <subfield code="c">19&#x938;&#x947;.&#x92E;&#x940;. (&#x938;&#x91C;&#x93F;&#x932;&#x94D;&#x926;)</subfield>
  </datafield>
  <datafield tag="500" ind1=" " ind2=" ">
    <subfield code="a">&#x92A;&#x930;&#x93F;&#x936;&#x937;&#x94D;&#x91F; &#x936;&#x93E;&#x92E;&#x93F;&#x932; </subfield>
  </datafield>
  <datafield tag="650" ind1=" " ind2=" ">
    <subfield code="a">&#x939;&#x93F;&#x902;&#x926;&#x940; &#x938;&#x93E;&#x939;&#x93F;&#x924;&#x94D;&#x92F; </subfield>
    <subfield code="9">66273</subfield>
  </datafield>
  <datafield tag="650" ind1=" " ind2=" ">
    <subfield code="a">&#x939;&#x93F;&#x902;&#x926;&#x940;  &#x938;&#x93E;&#x939;&#x93F;&#x924;&#x94D;&#x92F; </subfield>
    <subfield code="x">&#x915;&#x939;&#x93E;&#x928;&#x93F;&#x92F;&#x93E;&#x902; </subfield>
    <subfield code="9">66274</subfield>
  </datafield>
  <datafield tag="650" ind1=" " ind2=" ">
    <subfield code="a">Hindi literature</subfield>
    <subfield code="9">66275</subfield>
  </datafield>
  <datafield tag="650" ind1=" " ind2=" ">
    <subfield code="a">hindi  literature</subfield>
    <subfield code="x">stories </subfield>
    <subfield code="9">66276</subfield>
  </datafield>
  <datafield tag="700" ind1=" " ind2=" ">
    <subfield code="a">&#x92E;&#x939;&#x930;&#x94D;&#x937;&#x93F;, &#x939;&#x930;&#x93F; </subfield>
    <subfield code="9">66277</subfield>
  </datafield>
  <datafield tag="942" ind1=" " ind2=" ">
    <subfield code="2">ddc</subfield>
    <subfield code="c">HN</subfield>
    <subfield code="h">&#x915; </subfield>
    <subfield code="m">&#x917;&#x941;&#x92A;&#x94D;&#x924;&#x93E;&#x932; </subfield>
  </datafield>
  <datafield tag="999" ind1=" " ind2=" ">
    <subfield code="c">116389</subfield>
    <subfield code="d">116389</subfield>
  </datafield>
  <datafield tag="952" ind1=" " ind2=" ">
    <subfield code="0">4</subfield>
    <subfield code="1">0</subfield>
    <subfield code="4">0</subfield>
    <subfield code="7">0</subfield>
    <subfield code="a">L</subfield>
    <subfield code="b">L</subfield>
    <subfield code="d">2015-08-24</subfield>
    <subfield code="e">Cen Lib/Ref</subfield>
    <subfield code="g">125.00</subfield>
    <subfield code="l">0</subfield>
    <subfield code="o">&#x915;  &#x917;&#x941;&#x92A;&#x94D;&#x924;&#x93E;&#x932;</subfield>
    <subfield code="p">B-043066</subfield>
    <subfield code="r">2015-08-24 00:00:00</subfield>
    <subfield code="t">1</subfield>
    <subfield code="v">125.00</subfield>
    <subfield code="w">2015-08-24</subfield>
    <subfield code="y">HN</subfield>
    <subfield code="z">Written off on approval by DLB (By Circulation); dtd 15-06-2023</subfield>
  </datafield>
  <datafield tag="952" ind1=" " ind2=" ">
    <subfield code="0">0</subfield>
    <subfield code="1">0</subfield>
    <subfield code="2">ddc</subfield>
    <subfield code="4">0</subfield>
    <subfield code="7">0</subfield>
    <subfield code="8">FIC</subfield>
    <subfield code="a">BL1</subfield>
    <subfield code="b">BL1</subfield>
    <subfield code="d">2018-07-14</subfield>
    <subfield code="e">BPPD/Pub</subfield>
    <subfield code="g">125.00</subfield>
    <subfield code="l">0</subfield>
    <subfield code="o">&#x915;  &#x917;&#x941;&#x92A;&#x94D;&#x924;&#x93E;&#x932;</subfield>
    <subfield code="p">B-043068</subfield>
    <subfield code="r">2018-07-14 00:00:00</subfield>
    <subfield code="v">125.00</subfield>
    <subfield code="w">2018-07-14</subfield>
    <subfield code="y">HN</subfield>
  </datafield>
</record>
